000 01508 a2200241 4500
003 Nust
005 20220819104556.0
010 _a 2010048265
020 _a9780470711224 (hardback)
040 _cNust
082 0 0 _a621.384,GLI
100 1 _aGlisic, Savo G.
_998081
245 1 0 _aAdvanced wireless communications & Internet :
_bfuture evolving technologies /
_cSavo G. Glisic.
250 _a3rd ed.
260 _aChichester, West Sussex, U.K. ;
_aHoboken, N.J. :
_bWiley ,
_c2011.
300 _ap. cm.
505 _aFundamentals (Page-1), Adaptive Coding (Page-35), Adaptive and Reconfigurable Modulation (Page-77), Space-Time Coding (Page 93), Multiuser Communication (Page-209), Channel Estimation and Equalization (Page-291), Orthogonal Frequency Division Multiplexing-OGFDM and Multicarrier CDMA (Page-351), Ultra Wide Band Radio (Page 459), Linear Procoding for MIMO Channels (Page-523), Cognitive Networks (Page-565), Relay-Assisted Wireless Networks (Page-585), Biological Inspired Paradigms in Wireless Networks (Page-683), Positioning in Wireless Networks (Page-743), Wireless Networks Connectivity (Page-773), Advanced Routing and Network Coding (Page-801), Network Formation Games (Page-887).
650 0 _aInternet.
_917965
650 0 _aTECHNOLOGY & ENGINEERING / Telecommunications
_9764
650 0 _aTelecommunication engineering
_xTechnological innovations.
_998213
856 4 2 _3Cover image
_uhttp://catalogimages.wiley.com/images/db/jimages/9780470711224.jpg
942 _2ddc
_cREF
999 _c189237
_d189237